000 00407nam a22001697a 4500
003 NUST - PNEC
005 20170116180831.0
008 150731b xxu||||| |||| 00| 0 eng d
020 _a-
040 _cLIBRARY
082 _a515.63 LAS
100 _94631
_aLass, Harry
245 _aVector and tensor analysis
_cHarry Lass
260 _cc.1950
650 _94632
_aVector Analysis
_xMIS
942 _2ddc
_cBK
999 _c64024
_d64024